000 01170nam a2200301Ia 4500
005 20210727153142.0
008 141031s2008 m a0 sga d s
020 _a9789681859473
082 0 4 _a591.56307
_bV15a
100 1 _aVanCleave, Janice Pratt
245 1 0 _aAnimales
_bproyectos espectaculares de ciencias
_cJanice Vancleave ; colaborador en la traducción Hugo Iván Escoffié Martínez
250 _aPrimera edición
300 _a133 páginas
_bilustraciones
_c19 cm
500 _aIncluye glosario
500 _aIncluye índice analítico al final del texto
505 _aUnidades de medición -- Fábrica de moscas -- Ver sin ojos -- Abanicos naturales -- Huella delatora -- Herramientas de succión
650 1 4 _2LEMB
_aAnimales
_xEnseñanza elemental
650 1 4 _2LEMB
_aCiencia
_xEnseñanza elemental
650 1 4 _2LEMB
_aAnimales
_xExperimentos
650 1 4 _2LEMB
_aZoología
700 1 _aEscoffié Martínez, Hugo Iván
_etraductor
942 _2ddc
_cBK
264 _aMéxico
_bLimusa
_c2008
336 _atexto
_btxt
_2rdacontent
337 _asin mediación
_bn
_2rdamedia
338 _avolumen
_bnc
_2rdacarrier
040 _aCO-BoRNBP
_bspa
_erda
_cCO-BoRNBP
999 _c3245
_d3245